000 01289nam a2200337 i 4500
003 DO-SdBNP
005 20260305073952.0
007 ta
008 260217b2025 dr ||||| |||| 00| 0 spa d
020 _a9789945510966
040 _aDO-SdBNP
_bspa
_cBNPHU
_erda
041 _aspa
082 4 _a972.93
_bM938o 2025
_222
100 1 _aMoya Pons, Frank,
_d1944-
_4aut.
_eautor
_92095
245 1 3 _aLa otra historia dominicana /
_cFrank Moya Pons ; coordinación editorial, Clara Dobarro ; edición, María del Carmen Vicente, Andrés Blanco, y Manuel Ángel Suarez
264 4 _aSanto Domingo, República Dominicana :
_bEditora Nacional
_c©2025.
300 _a671 páginas ;
_c23 cm.
336 _atexto
_btxt
_2rdacontent
337 _asin mediación
_bn
_2rdamedia
338 _avolumen
_bnc
_2rdacarrier
500 _aIncluye datos biográficos del autor en las solapas.
500 _aIncluye índice
590 _aInventariado, 2026 /LP
651 7 _aRepública Dominicana
_xHistoria
700 1 _aDobarro, Clara
_ecoordinador
_934619
_4coord.
700 1 _aVicente, María del Carmen
_eeditor
_4ed.
700 1 _aBlanco, Andrés
_eeditor
_4ed.
_976085
700 1 _aSuarez, Manuel Ángel
_eeditor
_4ed.
_974910
910 _aLP/Validado. Control de calidad MFF
942 _2ddc
_cLBS1
999 _c60339
_d60339